Southville International School and Colleges
Your cart is empty.
  • Cart
  • Lists
    Public lists Eva Luna New books Lux_list list_1
    Your lists Log in to create your own lists
  • Log in to your account
  • Your cookies
  • Search history
Southville International School and Colleges
  • Advanced search
  • Recent comments
  • Most popular
  • Libraries

Log in to your account

Log in with GOOGLE


If you do not have an external account, but do have a local account, you can still log in:

  1. Home
  2. MARC view: College algebra /
Normal view MARC view ISBD view

College algebra / (Record no. 283996)

[ view plain ]
MARC details
000 -LEADER
fixed length control field 00831pam a2200277 a 4500
001 - CONTROL NUMBER
control field 1914996
003 - CONTROL NUMBER IDENTIFIER
control field PILC
005 - DATE AND TIME OF LATEST TRANSACTION
control field 20150515150935.0
008 - FIXED-LENGTH DATA ELEMENTS--GENERAL INFORMATION
fixed length control field 850801s1986 caua 001 0 eng
010 ## - LIBRARY OF CONGRESS CONTROL NUMBER
LC control number 85019019
020 ## - INTERNATIONAL STANDARD BOOK NUMBER
International Standard Book Number 0534056288
040 ## - CATALOGING SOURCE
Original cataloging agency DLC
Transcribing agency DLC
Modifying agency DLC
050 00 - LIBRARY OF CONGRESS CALL NUMBER
Classification number QA 154.2
Item number .G87 1986
082 00 - DEWEY DECIMAL CLASSIFICATION NUMBER
Classification number 512.9
100 1# - MAIN ENTRY--PERSONAL NAME
Personal name Gustafson, R. David
Fuller form of name (Roy David),
Dates associated with a name 1936-
245 10 - TITLE STATEMENT
Title College algebra /
Statement of responsibility, etc R. David Gustafson, Peter D. Frisk.
250 ## - EDITION STATEMENT
Edition statement 3rd ed.
260 ## - PUBLICATION, DISTRIBUTION, ETC. (IMPRINT)
Place of publication, distribution, etc Monterey, Ca. :
Name of publisher, distributor, etc Brooks/Cole Pub. Co.,
Date of publication, distribution, etc 1986.
300 ## - PHYSICAL DESCRIPTION
Extent x, 469 pages :
Other physical details illustrations ;
Dimensions 25 cm.
500 ## - GENERAL NOTE
General note Includes appendix and index.
521 ## - TARGET AUDIENCE NOTE
Target audience note General Education
650 #0 - SUBJECT ADDED ENTRY--TOPICAL TERM
Topical term or geographic name as entry element Algebra
Form subdivision Textbooks.
700 1# - ADDED ENTRY--PERSONAL NAME
Personal name Frisk, Peter D.,
Dates associated with a name 1942-
906 ## - LOCAL DATA ELEMENT F, LDF (RLIN)
a 7
b cbc
c orignew
d 1
e ocip
f 19
g y-gencatlg
942 ## - ADDED ENTRY ELEMENTS (KOHA)
Source of classification or shelving scheme Library of Congress Classification
Koha item type Books
Call number prefix Foreign
Holdings
Withdrawn status Lost status Source of classification or shelving scheme Damaged status Home library Current library Shelving location Date acquired Source of acquisition Total Checkouts Total Renewals Full call number Barcode Date last seen Date checked out Price effective from Koha item type
    Library of Congress Classification   Archives Archives   05/15/2015 Donation 1 6 QA 154.2 .G87 1986 C19299 05/15/2018 04/22/2016 05/15/2015 Books

College algebra /

APA

Gustafson R. D., Frisk P. D., . (1986). College algebra. Monterey, Ca: Brooks/Cole Pub. Co.

Chicago

Gustafson R David, Frisk Peter D, . 1986. College algebra. Monterey, Ca: Brooks/Cole Pub. Co.

Harvard

Gustafson R. D., Frisk P. D., . (1986). College algebra. Monterey, Ca: Brooks/Cole Pub. Co.

MLA

Gustafson R David, Frisk Peter D, . College algebra. Monterey, Ca: Brooks/Cole Pub. Co. 1986.

  • Place hold
  • Print
  • Cite
  • Add to your cart (remove)
  • Save record
    BIBTEX Dublin Core MARCXML MARC (non-Unicode/MARC-8) MARC (Unicode/UTF-8) MARC (Unicode/UTF-8, Standard) MODS (XML) RIS
  • More searches
    Search for this title in:
    Other Libraries (WorldCat) Other Databases (Google Scholar) Online Stores (Bookfinder.com) Open Library (openlibrary.org)

Exporting to Dublin Core...

SOUTHVILLE LIBRARY

Southville International School and Colleges Library

1281 Tropical Ave. Cor. Luxembourg St., BF Homes International, Las Pinas City

Tel. No. 8256374 / 252358 Loc. 117/146

Powered by Koha